Agrotechniques of Medicinal Plants (Record no. 7528)
[ view plain ]
| 000 -LEADER | |
|---|---|
| fixed length control field | 00400nam a2200157Ia 4500 |
| 008 - FIXED-LENGTH DATA ELEMENTS--GENERAL INFORMATION | |
| fixed length control field | 230711s9999||||xx |||||||||||||| ||und|| |
| 020 ## - INTERNATIONAL STANDARD BOOK NUMBER | |
| International Standard Book Number | 978-81-261-3421-2 |
| 041 ## - LANGUAGE CODE | |
| Language code of text/sound track or separate title | ASM |
| 082 ## - DEWEY DECIMAL CLASSIFICATION NUMBER | |
| Classification number | 633.88 |
| Item number | UP-A |
| 100 ## - MAIN ENTRY--PERSONAL NAME | |
| Personal name | Upadhyaya, R.C. |
| 245 #0 - TITLE STATEMENT | |
| Title | Agrotechniques of Medicinal Plants |
| 260 ## - PUBLICATION, DISTRIBUTION, ETC. | |
| Date of publication, distribution, etc. | 2008 |
| Place of publication, distribution, etc. | New Delhi |
| Name of publisher, distributor, etc. | Anmol Publication(P) Ltd. |
| 300 ## - PHYSICAL DESCRIPTION | |
| Extent | 264p. |
| 650 ## - SUBJECT ADDED ENTRY--TOPICAL TERM | |
| Topical term or geographic name entry element | Agriculture |
| 942 ## - ADDED ENTRY ELEMENTS (KOHA) | |
| Koha item type | Book |
| Withdrawn status | Lost status | Damaged status | Not for loan | Collection | Home library | Current library | Date acquired | Source of acquisition | Cost, normal purchase price | Inventory number | Total checkouts | Full call number | Barcode | Date last seen | Price effective from | Koha item type |
|---|---|---|---|---|---|---|---|---|---|---|---|---|---|---|---|---|
| MRSPTU Central Library | MRSPTU Central Library | Technical Bureau India PVT.LTD | 900.00 | TB47944713 | 633.88 UP-A | P2029 | 08/17/2023 | 08/17/2023 | Book | |||||||
| MRSPTU Central Library | MRSPTU Central Library | Technical Bureau India PVT.LTD | 900.00 | TB47944713 | 633.88 UP-A | P2030 | 08/17/2023 | 08/17/2023 | Book | |||||||
| MRSPTU Central Library | MRSPTU Central Library | Technical Bureau India PVT.LTD | 900.00 | TB47944713 | 633.88 UP-A | P2031 | 08/17/2023 | 08/17/2023 | Book | |||||||
| MRSPTU Central Library | MRSPTU Central Library | Technical Bureau India PVT.LTD | 900.00 | TB47944713 | 633.88 UP-A | P2032 | 08/17/2023 | 08/17/2023 | Book | |||||||
| MRSPTU Central Library | MRSPTU Central Library | Technical Bureau India PVT.LTD | 900.00 | TB47944713 | 633.88 UP-A | P2033 | 08/17/2023 | 08/17/2023 | Book |
